000 00545nam a2200181Ia 4500
005 20250508153342.0
008 008 250505s9999 xx 000 0 ger d
037 _aBooks to be hide in OPAC
040 _aFEDL
_beng
_cFEDL
041 _ager
_2eng
084 _a370, GER/O
_qFEDL
100 _aNatorp Paul
_9763748
245 0 _aGesammelte abhandlungen zur sozialpadagogik
260 _aStuttgart, Germany
_bFr. Frommanns Verlag E. Hauff
_c1907
300 _aviii,510p.
942 _cHB
_h370, GER/O
999 _c1342212
_d1342212